Management buy-outs and large-small firm relationships.
Skúmanie vzťahov vyplývajúcich zo zmeny častí náplne veľkej firmy a jej odpredaja zamestnancom, povereným dovtedy jej vedením. Postup pri likvidácii činnosti a ustanovenia nového vedenia. Výsledky sa vzťahujú na domáce firmy i nadnárodné spoločnosti v prestavbe.
Saved in:
| Format: | Book Chapter |
|---|---|
| Language: | English |
| Subjects: | |
| Tags: |
No Tags, Be the first to tag this record!
|
MARC
| LEADER | 00000naa a2200000 4500 | ||
|---|---|---|---|
| 001 | r001702 | ||
| 005 | 20220819194240.2 | ||
| 041 | 0 | |a eng | |
| 044 | |a DE | ||
| 245 | 1 | 0 | |a Management buy-outs and large-small firm relationships. |
| 520 | |a Skúmanie vzťahov vyplývajúcich zo zmeny častí náplne veľkej firmy a jej odpredaja zamestnancom, povereným dovtedy jej vedením. Postup pri likvidácii činnosti a ustanovenia nového vedenia. Výsledky sa vzťahujú na domáce firmy i nadnárodné spoločnosti v prestavbe. | ||
| 610 | 2 | 0 | |a podnik malý |
| 610 | 2 | 0 | |a podnik veľký |
| 610 | 2 | 0 | |a predaj |
| 610 | 2 | 0 | |a pracovníci riadiaci |
| 610 | 2 | 0 | |a vedenie |
| 610 | 2 | 0 | |a vlastníctvo |